Dopady COVID-19 na slovenské podnikateľské subjekty v cestovnom ruchu bakalárska práca

Enregistré dans:
Détails bibliographiques
Auteur principal: Spyriadis, Kleopatra Katerina
Collectivité auteur: Obchodná fakulta EU. Katedra služieb a cestovného ruchu - zrušené
Autres auteurs: Fodranová, Iveta, 1959-
Format: Livre
Langue:slovaque
Publié: Bratislava 2021
Tags: Ajouter un tag
Pas de tags, Soyez le premier à ajouter un tag!

MARC

LEADER 00000nbm a2200000 4500
001 0275956
005 20220203121101.6
041 0 |a slo 
044 |a SK 
245 1 0 |a Dopady COVID-19 na slovenské podnikateľské subjekty v cestovnom ruchu  |b bakalárska práca  |c Kleopatra Katerina Spyriadis ; školiteľ: Iveta Fodranová 
264 1 |a Bratislava  |c 2021 
300 |a 47 s. 
100 1 |a Spyriadis, Kleopatra Katerina 
700 1 |a Fodranová, Iveta, 1959- 
710 2 |a Obchodná fakulta EU. Katedra služieb a cestovného ruchu - zrušené